| 000 | 01020cam a2200337 a 4500 | ||
|---|---|---|---|
| 001 | 115188 | ||
| 003 | ARRUPE | ||
| 005 | 20131001173324.0 | ||
| 008 | 820204s1981 maua 001 0 eng | ||
| 010 | _a 81006319 | ||
| 020 | _a0674739051 | ||
| 035 | _a(OCoLC)7553146 | ||
| 035 | _a(OCoLC)ocm07553146 | ||
| 035 | _a(CStRLIN)NYCG82-B5791 | ||
| 035 | _a(NNC)115188 | ||
| 040 |
_dNNC _cDLC |
||
| 050 | 0 |
_aPN1995.9.C55 _bC38 |
|
| 090 |
_aPN1995.9.C55 _bC38 |
||
| 100 | 1 |
_aCavell, Stanley, _d1926- _91987 |
|
| 245 | 1 | 0 |
_aPursuits of happiness : _bthe Hollywood comedy of remarriage / _cStanley Cavell. |
| 260 |
_aCambridge, Mass. : _bHarvard University Press, _c1981. |
||
| 300 |
_a283 p. : _bill. ; _c24 cm. |
||
| 500 | _aIncludes index. | ||
| 650 | 0 |
_aComedy films _xHistory and criticism. _91988 |
|
| 650 | 0 |
_aMarriage in motion pictures. _91989 |
|
| 942 |
_2lcc _cMONOGRAPH |
||
| 948 | 2 |
_a20090716 _ba _crad1 _dMPS |
|
| 948 | 2 |
_a20090716 _ba _crad1 _dMPS |
|
| 948 | 2 |
_a20090930 _ba _cdc21 _dMPS |
|
| 999 |
_c118220 _d118220 |
||